LEADER 02361nam 2200445 450 001 9910825059403321 005 20230803043607.0 010 $a983-861-671-0 035 $a(CKB)4340000000262935 035 $a(MiAaPQ)EBC5338771 035 $a(Au-PeEL)EBL5338771 035 $a(CaPaEBR)ebr11540295 035 $a(OCoLC)1031339308 035 $a(EXLCZ)994340000000262935 100 $a20180430d2013 uy 0 101 0 $amay 135 $aurcnu|||||||| 181 $ctxt$2rdacontent 182 $cc$2rdamedia 183 $acr$2rdacarrier 200 10$aJalan ke taman $eesei-esei penghargaan untuk Profesor Ali Ahmad /$feditor, Jelani Harun 210 1$aPalau Pinang :$cPenerbit Universiti Sains Malaysia,$d2013. 215 $a1 online resource (viii, 169 pages) 225 0 $aSiri kecetakan akademik / Penerbit USM 311 $a983-861-520-X 320 $aIncludes bibliographical references and index. 327 $aBahasa hikayat, lenggang-lenggok bahasa Melayu klasik / Siti Hawa Haji Salleh -- Periwayat Sulalatus salatin dan dunia interteks / Noriah Taslim -- Kreativiti dan peperangan dalam Sejarah Melayu dan Tuhfat al-nafis / Mohamad Luthfi Abdul Rahman -- Hikayat Prang Sabi, mencari syurga di medan perang / Nur?ainy M. Ali -- Estetika Melayu dalam Sejarah Melayu / Zakaria Ali -- Misa Melayu, sastera sejarah dari Istana Perak / Zubir Idris -- Hikayat Merong Mahawangsa, pemindahan jurai keturunan dari prosa ke puisi / Shaiful Bahri Md. Radzi dan Mohd. Pozi Haji Masurori -- Kesusasteraan Islam dari sudut pandangan Ali Ahmad / Siti Hajar Che Man -- Unsur kerohanian dalam Janjang iktikaf / Samsina Abdul Rahman -- Jalan ke taman, baris-baris mulia alis murni / Muhammad Haji Salleh -- The missing piece, menghayati falsafah kehilangan dalam Islam / Jelani Harun -- Bauran tradisi dan Islam dalam puisi-catan di Malaysia / Sakinah Abu Bakar. 330 $aEssays on Malay literature; festschrift in honor of Ali Ahmad, a Malaysian author. 606 $aMalay literature$xHistory and criticism 615 0$aMalay literature$xHistory and criticism. 676 $a899.2809 700 $aJelani$b Harun$01615590 702 $aJelani Harun$f1962- 801 0$bMiAaPQ 801 1$bMiAaPQ 801 2$bMiAaPQ 906 $aBOOK 912 $a9910825059403321 996 $aJalan ke taman$93945867 997 $aUNINA LEADER 01313nam0 22002891i 450 001 UON00338246 005 20231205104248.216 100 $a20091014d1981 |0itac50 ba 101 $aita 102 $aIT 105 $a|||| ||||| 200 1 $aˆLa ‰situazione della donna nella Comunità europea$ele discussioni del 10 febbraio 1981$ele votazioni dell'11 febbraio 1981$fParlamento Europeo$gprefazione degli onn. Simone Veil, Yvette Roudy, Hanja R.H. Maij-Weggen 210 $aLussemburgo$cDirezione Generale della ricerca e della Documentazione$d1981 215 $a287 p.$d25 cm. 606 $aDonna$xPolitica$3UONC043546$2FI 620 $dLuxembourg$3UONL002499 702 1$aMAIJ-WEGGEN$bHanja R.H.$3UONV190865 702 1$aROUDY$bYvette$3UONV190864 702 1$aVEIL$bSimone$3UONV190863 710 02$aParlamento Europeo$3UONV190862$0324711 712 $aDirezione Generale della Ricerca e della Documentazione$3UONV276456$4650 801 $aIT$bSOL$c20250801$gRICA 899 $aSIBA - SISTEMA BIBLIOTECARIO DI ATENEO$2UONSI 912 $aUON00338246 950 $aSIBA - SISTEMA BIBLIOTECARIO DI ATENEO$dSI COM D 0028 $eSI SC 45866 5 0028 996 $aSituazione della donna nella Comunità europea$91363249 997 $aUNIOR